[Event "TCh-CHN 2016"]
[Site "China CHN"]
[Date "2016.04.12"]
[Round "1.5"]
[Board "3"]
[White "Xu, Yi"]
[Black "Liu, Guanchu"]
[Result "1/2-1/2"]
[WhiteTitle "FM"]
[BlackTitle "IM"]
[WhiteElo "2386"]
[BlackElo "2366"]
[WhiteTeam "Shanghai"]
[BlackTeam "Chengdu"]
[WhiteFideId "8605564"]
[BlackFideId "8603901"]
[EventDate "2016.04.12"]

1. e4 e5 2. Nf3 Nf6 3. Nxe5 d6 4. Nf3 Nxe4 5. Nc3 Nxc3 6. dxc3 Be7 7. Be3 Nc6 8.
Qd2 Ne5 9. Be2 O-O 10. O-O-O Ng4 11. Kb1 Nxe3 12. Qxe3 Bf6 13. Bd3 c6 14. h4 Re8
15. Qf4 Qb6 16. Ka1 Be6 17. Ng5 h6 18. Nxe6 Rxe6 19. g4 Qc5 20. Qd2 Rae8 21. f4
Qe3 22. Qh2 Qc5 23. Qd2 Qe3 24. Qh2 Qc5 25. Qd2 Qe3 26. Qh2 Qc5 27. Qd2 Qe3 28.
Qh2 Qc5 29. Qd2 Qe3 30. Qh2 Qc5 1/2-1/2

[Event "TCh-CHN 2016"]
[Site "China CHN"]
[Date "2016.04.12"]
[Round "1.5"]
[Board "4"]
[White "Ren, Xiaoyi"]
[Black "Zhang, Xiaowen"]
[Result "1-0"]
[BlackTitle "WGM"]
[WhiteElo "2157"]
[BlackElo "2374"]
[WhiteTeam "Chengdu"]
[BlackTeam "Shanghai"]
[WhiteFideId "8608709"]
[BlackFideId "8603219"]
[EventDate "2016.04.12"]

1. d4 Nf6 2. c4 e6 3. g3 d5 4. Bg2 dxc4 5. Nf3 a6 6. O-O Nc6 7. e3 Bd7 8. Qe2
Bd6 9. Qxc4 O-O 10. Nc3 Rb8 11. Rd1 e5 12. d5 b5 13. Qe2 Ne7 14. Ng5 h6 15. Nge4
Nxe4 16. Nxe4 f5 17. Nxd6 cxd6 18. Bd2 b4 19. Qe1 Qb6 20. a3 a5 21. axb4 axb4
22. Rdc1 e4 23. Rc4 Nxd5 24. Rd4 Be6 25. Bf1 Ra8 26. Bc4 Nc7 27. Bxb4 Rxa1 28.
Qxa1 Bxc4 29. Rxc4 d5 30. Rxc7 Qxc7 31. Bxf8 Kxf8 32. Qa8+ Ke7 33. Qxd5 Kf6 34.
b4 Qe5 35. Qb3 Qb5 36. Kg2 g5 37. Qc3+ Kg6 38. Qd4 g4 39. Qd6+ Kg7 40. Qe7+ Kg6
41. Qf8 Qd3 42. Qe8+ Kf6 43. Qc6+ Kg7 44. Qb7+ Kg6 45. Qb6+ Kh5 46. Qd4 Qb5 47.
Qc5 Qd7 48. b5 Kg5 49. b6 Qd1 50. Qd4 Qb3 51. Qg7+ Kh5 52. Qf6 Qb5 53. b7 f4 54.
Qf7+ 1-0

[Event "TCh-CHN 2016"]
[Site "China CHN"]
[Date "2016.04.12"]
[Round "1.5"]
[Board "5"]
[White "Li, Yunshan"]
[Black "Ju, Wenjun"]
[Result "0-1"]
[WhiteTitle "WFM"]
[BlackTitle "GM"]
[WhiteElo "2024"]
[BlackElo "2568"]
[WhiteTeam "Chengdu"]
[BlackTeam "Shanghai"]
[WhiteFideId "8607664"]
[BlackFideId "8603006"]
[EventDate "2016.04.12"]

1. d4 Nf6 2. c4 e6 3. g3 d5 4. Bg2 dxc4 5. Nf3 Bb4+ 6. Bd2 a5 7. Qc2 Bxd2+ 8.
Qxd2 c6 9. Ne5 b5 10. a4 Nd5 11. e4 Nb4 12. O-O f6 13. Nf3 O-O 14. Nc3 Qb6 15.
axb5 cxb5 16. d5 e5 17. Ne1 Bd7 18. Nc2 Nxc2 19. Qxc2 Na6 20. Kh1 Nc5 21. f4 a4
22. Rad1 Nd3 23. Na2 Qd4 24. Rd2 b4 25. Nc1 b3 26. Qb1 Bb5 27. Nxd3 cxd3 28.
Rfd1 Rac8 29. Qa1 Qb4 30. Rf2 Rc2 31. Rff1 d2 32. Rf2 Qd4 33. Kg1 Be2 0-1

[Event "TCh-CHN 2016"]
[Site "China CHN"]
[Date "2016.04.12"]
[Round "1.6"]
[Board "2"]
[White "Yu, Yangyi"]
[Black "Mamedyarov, Shakhriyar"]
[Result "1/2-1/2"]
[WhiteTitle "GM"]
[BlackTitle "GM"]
[WhiteElo "2738"]
[BlackElo "2750"]
[WhiteTeam "Beijing"]
[BlackTeam "Zhejiang"]
[WhiteFideId "8603820"]
[BlackFideId "13401319"]
[EventDate "2016.04.12"]

1. e4 d6 2. d4 Nf6 3. Nc3 g6 4. f4 Bg7 5. Bd3 O-O 6. Nf3 Na6 7. O-O c5 8. d5 Bg4
9. Bc4 Nc7 10. h3 Bxf3 11. Qxf3 Nd7 12. a4 a6 13. Qd3 Nb6 14. Bb3 Rc8 15. Nd1 e6
16. dxe6 Nxe6 17. Bxe6 fxe6 18. Nf2 c4 19. Qd1 Qc7 20. c3 Nd7 21. Be3 Qc6 22. a5
Nc5 23. Qf3 e5 24. Rad1 exf4 25. Bxc5 Qxc5 26. Rd5 Qc7 27. Rfd1 Rcd8 28. h4 h5
29. Nh3 b5 30. Ng5 Qe7 31. Qf2 Bf6 32. Nf3 Qxe4 33. Rxd6 Qe3 34. Qxe3 fxe3 35.
Kf1 Kg7 36. Ke2 Rfe8 37. Rd7+ Kh6 38. R7d6 Kg7 39. Rd7+ Kh6 40. R7d6 1/2-1/2

[Event "TCh-CHN 2016"]
[Site "China CHN"]
[Date "2016.04.12"]
[Round "1.6"]
[Board "3"]
[White "Wang, Yiye"]
[Black "Lu, Shanglei"]
[Result "0-1"]
[WhiteTitle "IM"]
[BlackTitle "GM"]
[WhiteElo "2442"]
[BlackElo "2619"]
[WhiteTeam "Beijing"]
[BlackTeam "Zhejiang"]
[WhiteFideId "8606021"]
[BlackFideId "8603332"]
[EventDate "2016.04.12"]

1. e4 c5 2. Nf3 d6 3. c3 Nf6 4. Bd3 Nc6 5. Bc2 g5 6. h3 h6 7. d4 Bg7 8. dxc5
dxc5 9. Qxd8+ Nxd8 10. Be3 b6 11. Nbd2 Bb7 12. a4 Ne6 13. a5 O-O 14. axb6 axb6
15. O-O Rfd8 16. Rfe1 b5 17. Bb3 c4 18. Bc2 Nd7 19. Reb1 Ndc5 20. Kf1 Kf8 21. g3
Ke8 22. Ke2 Bf6 23. e5 Bg7 24. b3 cxb3 25. Nxb3 Na4 26. Bd2 Rac8 27. Bf5 Nxc3+
28. Bxc3 Rxc3 29. Nbd2 Nc5 30. Rxb5 Ba6 31. Rxa6 Nxa6 32. Rb6 Nc5 33. Rc6 e6 34.
Bh7 Kd7 35. Rb6 Kc7 36. Rb5 Ra8 37. Rb4 Ra2 38. Bb1 Ra4 39. Rb2 Nd7 40. Ne4 Rc1
41. Nd6 Bxe5 42. Nb5+ Kc6 43. Rb3 Bf6 44. Kd2 Nc5 0-1

[Event "TCh-CHN 2016"]
[Site "China CHN"]
[Date "2016.04.12"]
[Round "1.6"]
[Board "4"]
[White "Zhu, Jiner"]
[Black "Wang, Jue"]
[Result "0-1"]
[BlackTitle "WGM"]
[WhiteElo "2095"]
[BlackElo "2380"]
[WhiteTeam "Zhejiang"]
[BlackTeam "Beijing"]
[WhiteFideId "8608059"]
[BlackFideId "8604070"]
[EventDate "2016.04.12"]

1. e4 c5 2. Nf3 d6 3. d4 cxd4 4. Nxd4 Nf6 5. Nc3 a6 6. Be3 e5 7. Nf3 h6 8. Bc4
Be6 9. Bb3 Be7 10. O-O O-O 11. Qe2 b5 12. a3 Nbd7 13. Rfd1 Qc7 14. h3 Rac8 15.
Nh2 Nc5 16. Bxc5 dxc5 17. Nd5 Bxd5 18. Bxd5 Rcd8 19. c4 Nxd5 20. exd5 bxc4 21.
Ng4 Bd6 22. Re1 e4 23. Qxe4 f5 24. Nxh6+ gxh6 25. Qxc4 Rde8 26. Qxa6 Re4 27. f3
Rxe1+ 28. Rxe1 c4 29. Kh1 Rd8 30. Qa4 Qg7 31. Re8+ Rxe8 32. Qxe8+ Kh7 33. Qe6
Qe5 34. Kg1 Qd4+ 35. Kf1 Qd1+ 36. Kf2 Qd2+ 37. Kf1 Qc1+ 38. Kf2 Bc5+ 39. Kg3
Qg5+ 40. Kh2 Qf4+ 0-1

[Event "TCh-CHN 2016"]
[Site "China CHN"]
[Date "2016.04.12"]
[Round "1.6"]
[Board "5"]
[White "Ding, Yixin"]
[Black "Zhao, Xue"]
[Result "0-1"]
[WhiteTitle "WGM"]
[BlackTitle "GM"]
[WhiteElo "2426"]
[BlackElo "2504"]
[WhiteTeam "Zhejiang"]
[BlackTeam "Beijing"]
[WhiteFideId "8602972"]
[BlackFideId "8601283"]
[EventDate "2016.04.12"]

1. e4 e5 2. Nc3 Nf6 3. g3 Bc5 4. Bg2 Nc6 5. Nge2 a6 6. O-O d6 7. d3 Be6 8. Nd5
h6 9. c3 Ba7 10. h3 Qd7 11. Kh2 Bxd5 12. exd5 Ne7 13. d4 O-O-O 14. a4 Nexd5 15.
Qb3 c6 16. c4 Ne7 17. d5 cxd5 18. cxd5 Kb8 19. Be3 Rc8 20. Nc3 Nf5 21. Bxa7+
Kxa7 22. Rfc1 Rc5 23. Nb5+ Kb8 24. Rxc5 dxc5 25. Qc3 axb5 26. axb5 Qd6 27. Qa5
Kc8 28. Qa7 Nd7 29. b4 c4 30. Qa8+ Qb8 31. Qa2 Nb6 32. Qe2 Qd6 33. Be4 g6 34.
Qf3 Nd4 35. Qxf7 Rf8 36. Qg7 Rxf2+ 37. Kg1 Qf6 38. Qg8+ Kd7 39. Bg2 Rxg2+ 40.
Kxg2 Qf3+ 41. Kh2 Nxd5 42. Qg7+ Ne7 43. Qxe5 Nef5 44. Qe1 c3 45. Rd1 c2 46. Rd2
Qd5 0-1

[Event "TCh-CHN 2016"]
[Site "China CHN"]
[Date "2016.04.13"]
[Round "2.1"]
[Board "1"]
[White "Li, Shilong"]
[Black "Mamedyarov, Shakhriyar"]
[Result "0-1"]
[WhiteTitle "GM"]
[BlackTitle "GM"]
[WhiteElo "2514"]
[BlackElo "2750"]
[WhiteTeam "Guangdong"]
[BlackTeam "Zhejiang"]
[WhiteFideId "8600678"]
[BlackFideId "13401319"]
[EventDate "2016.04.12"]

1. d4 d6 2. g3 g6 3. Bg2 Bg7 4. Nf3 Nf6 5. O-O O-O 6. c4 Nbd7 7. Nc3 e5 8. e4
exd4 9. Nxd4 Re8 10. h3 a6 11. Bf4 Rb8 12. b3 Ne5 13. a4 a5 14. Ndb5 Nfd7 15.
Ra2 Nc5 16. Rd2 Bd7 17. Re1 Bxb5 18. Nxb5 Nc6 19. Qb1 Qe7 20. Rdd1 Rbd8 21. Be3
Nb4 22. Bd4 Be5 23. f4 c6 24. fxe5 dxe5 25. Be3 cxb5 26. cxb5 Ne6 27. Qa1 Nc2
28. Qxe5 Rxd1 0-1

[Event "TCh-CHN 2016"]
[Site "China CHN"]
[Date "2016.04.13"]
[Round "2.1"]
[Board "3"]
[White "Xu, Yinglun"]
[Black "Lu, Shanglei"]
[Result "1/2-1/2"]
[BlackTitle "GM"]
[WhiteElo "2523"]
[BlackElo "2619"]
[WhiteTeam "Guangdong"]
[BlackTeam "Zhejiang"]
[WhiteFideId "8604940"]
[BlackFideId "8603332"]
[EventDate "2016.04.12"]

1. d4 Nf6 2. c4 e6 3. Nc3 d5 4. cxd5 exd5 5. Bg5 c6 6. e3 Bf5 7. Qf3 Bg6 8. Bxf6
Qxf6 9. Qxf6 gxf6 10. h4 h6 11. O-O-O Nd7 12. g3 Bd6 13. Bh3 Rg8 14. Nge2 f5 15.
Nf4 Bh7 16. Nh5 Bg6 17. Nf4 Bh7 18. Nh5 Bg6 19. Nf4 Bh7 1/2-1/2

[Event "TCh-CHN 2016"]
[Site "China CHN"]
[Date "2016.04.13"]
[Round "2.1"]
[Board "4"]
[White "Ding, Yixin"]
[Black "Liu, Manli"]
[Result "1-0"]
[WhiteTitle "WGM"]
[WhiteElo "2426"]
[BlackElo "2015"]
[WhiteTeam "Zhejiang"]
[BlackTeam "Guangdong"]
[WhiteFideId "8602972"]
[BlackFideId "8608121"]
[EventDate "2016.04.12"]

1. e4 c5 2. Nf3 Nc6 3. d4 cxd4 4. Nxd4 g6 5. c4 Bg7 6. Be3 Nf6 7. Nc3 O-O 8. Be2
d6 9. Nc2 Be6 10. O-O a5 11. f3 Nd7 12. Qd2 Nc5 13. Na3 Qc8 14. Rac1 b6 15. Nab5
Na7 16. Nd4 Nc6 17. f4 Nxd4 1-0

[Event "TCh-CHN 2016"]
[Site "China CHN"]
[Date "2016.04.13"]
[Round "2.1"]
[Board "5"]
[White "Zhu, Jiner"]
[Black "Li, Xueyi"]
[Result "1-0"]
[WhiteElo "2095"]
[BlackElo "2112"]
[WhiteTeam "Zhejiang"]
[BlackTeam "Guangdong"]
[WhiteFideId "8608059"]
[BlackFideId "8605912"]
[EventDate "2016.04.12"]

1. e4 c6 2. d4 d5 3. e5 c5 4. Nf3 Bg4 5. Bb5+ Nc6 6. dxc5 e6 7. b4 a5 8. c3 Qc7
9. Nbd2 Ne7 10. O-O Ng6 11. Qe2 Be7 12. h3 Bxf3 13. Nxf3 O-O 14. Bxc6 Qxc6 15.
Be3 axb4 16. cxb4 Ra3 17. Nd4 Qa4 18. Bc1 Rc3 19. Bb2 Qxb4 20. Bxc3 Qxc3 21.
Rfd1 Qxc5 22. Rac1 Qa7 23. Rc2 h6 24. g3 Qb8 25. f4 Bd8 26. Qb5 Qa8 27. Rb2 b6
28. Kh2 Qa3 29. Rd3 Qa8 30. Rc3 Ne7 31. Qd7 h5 32. h4 Qa6 33. Rbc2 Qf1 34. Qb5
Qd1 35. Qd3 Qg4 36. Qe2 Qg6 37. Ra3 Nf5 38. Nxf5 Qxf5 39. Ra8 Be7 40. Rxf8+ Bxf8
41. Rc8 g6 42. Qe3 Qg4 43. Rb8 Qd1 44. Qf2 d4 45. Rxb6 Kg7 46. Rb2 Qa4 47. Rd2
Bc5 48. Rd3 Qc4 49. Qd2 Ba7 50. Rb3 Qa4 51. Kg2 Qc6+ 52. Rf3 Qb6 53. Qd3 Qb2+
54. Rf2 Qb7+ 55. Kh2 Qb4 56. Rc2 Qa4 57. Qb3 Qa5 58. Qd3 Qa4 59. a3 Qd7 60. Rd2
Qa4 61. Rc2 Qd7 62. Kg1 Qa4 63. Kf1 Qa5 64. Ke2 Bc5 65. Ra2 Qa4 66. Rc2 Qxa3 67.
Qxa3 Bxa3 68. Kd3 Bb4 69. Kxd4 Be1 70. Rg2 Kh7 71. Ke4 Kg7 72. Kf3 Kh6 73. Rb2
Kg7 74. Rb3 Ba5 75. Ke4 Kf8 76. Kd4 Ke7 77. Kc5 Be1 78. Kc6 Bf2 79. Rf3 Be1 80.
Kc5 Kf8 81. Kd6 Bb4+ 82. Kd7 Be1 83. Rb3 Bf2 84. Rb8+ Kg7 85. Ke8 Bxg3 86. Rb7
Bxh4 87. Rxf7+ Kh6 88. Kf8 Bg3 89. Kg8 Bxf4 90. Rxf4 Kg5 91. Rf6 h4 92. Kf7 h3
93. Rxg6+ Kf5 94. Rxe6 1-0

[Event "TCh-CHN 2016"]
[Site "China CHN"]
[Date "2016.04.13"]
[Round "2.2"]
[Board "1"]
[White "Zhao, Yuanhe"]
[Black "Yu, Yangyi"]
[Result "0-1"]
[BlackTitle "GM"]
[WhiteElo "2313"]
[BlackElo "2738"]
[WhiteTeam "Chengdu"]
[BlackTeam "Beijing"]
[WhiteFideId "8609497"]
[BlackFideId "8603820"]
[EventDate "2016.04.12"]

1. d4 d5 2. c4 e6 3. Nf3 Nf6 4. g3 g6 5. Bg2 Bg7 6. O-O O-O 7. Bf4 Nc6 8. Nbd2
b6 9. Rc1 Bb7 10. a3 h6 11. b4 a6 12. Nb3 g5 13. Be5 dxc4 14. Rxc4 Nxe5 15. Nxe5
Bxg2 16. Kxg2 Qd5+ 17. Kg1 Nd7 18. Rxc7 Nxe5 19. dxe5 Qxe5 20. Qc2 Rfd8 21. Rc1
a5 22. bxa5 bxa5 23. a4 Rab8 24. Rc5 Rd5 25. Rc8+ Rxc8 26. Qxc8+ Bf8 27. Qc2 Bb4
28. Rd1 Kg7 29. Rxd5 Qxd5 30. Nc1 h5 31. Nd3 Be7 32. Qc3+ Bf6 33. Qc5 Qe4 34.
Qc2 h4 35. Ne1 Qb4 36. Nd3 Qg4 37. Nc5 Qd4 38. Kg2 h3+ 39. Kxh3 Qxf2 40. Nd7 g4+
41. Kxg4 Qd4+ 42. e4 Qxd7 43. h4 Qd4 44. Kh5 Be5 45. Qe2 Qc3 46. Qg4+ Kh7 47.
Qg5 Qf3+ 48. g4 Qxe4 0-1

[Event "TCh-CHN 2016"]
[Site "China CHN"]
[Date "2016.04.13"]
[Round "2.2"]
[Board "2"]
[White "Xu, Xiangyu"]
[Black "Chen, Qi b"]
[Result "1-0"]
[WhiteElo "2447"]
[BlackElo "2225"]
[WhiteTeam "Chengdu"]
[BlackTeam "Beijing"]
[WhiteFideId "8608288"]
[BlackFideId "8614733"]
[EventDate "2016.04.12"]

1. d4 Nf6 2. Bf4 g6 3. Nc3 c5 4. dxc5 Bg7 5. a3 O-O 6. Nf3 Na6 7. e4 Nxc5 8. e5
Ne8 9. Be3 b6 10. h4 d6 11. h5 Bf5 12. Nd4 dxe5 13. Nc6 Qd6 14. Qxd6 exd6 15.
O-O-O Kh8 16. Ne7 Bf6 17. Ncd5 Bxe7 18. Nxe7 Rd8 19. Bb5 a5 20. f3 Nc7 21. Bc6
Kg7 22. hxg6 Bxg6 23. Bh6+ Kf6 24. Bxf8 Rxf8 25. Nxg6 hxg6 26. Rxd6+ Ke7 27. Rd2
a4 28. Re1 N7e6 29. Rxe5 Rc8 30. Bd5 Kf6 31. Re3 Nf4 32. g3 Nfe6 33. Kd1 Rh8 34.
b4 axb3 35. cxb3 Rh1+ 36. Kc2 Ra1 37. b4 1-0

[Event "TCh-CHN 2016"]
[Site "China CHN"]
[Date "2016.04.13"]
[Round "2.2"]
[Board "3"]
[White "Li, Di"]
[Black "Fang, Yan"]
[Result "1-0"]
[WhiteTitle "FM"]
[WhiteElo "2420"]
[BlackElo "2364"]
[WhiteTeam "Chengdu"]
[BlackTeam "Beijing"]
[WhiteFideId "8607508"]
[BlackFideId "8604746"]
[EventDate "2016.04.12"]

1. d4 Nf6 2. Nf3 e6 3. g3 c5 4. Bg2 d5 5. O-O Nc6 6. c4 dxc4 7. Ne5 Nxe5 8. dxe5
Nd7 9. Na3 Nxe5 10. Qxd8+ Kxd8 11. Bf4 Nd7 12. Rad1 f6 13. Nxc4 g5 14. Be3 Kc7
15. f4 g4 16. f5 e5 17. Bd2 a5 18. Bxa5+ Kb8 19. a4 Ra6 20. b3 h5 21. Rd3 Rh7
22. Rfd1 Bh6 23. Be4 b6 24. Bd2 Bxd2 25. R3xd2 Ra7 26. Rd6 Bb7 27. Nxb6 1-0

[Event "TCh-CHN 2016"]
[Site "China CHN"]
[Date "2016.04.13"]
[Round "2.2"]
[Board "4"]
[White "Wang, Jue"]
[Black "Ren, Xiaoyi"]
[Result "0-1"]
[WhiteTitle "WGM"]
[WhiteElo "2380"]
[BlackElo "2157"]
[WhiteTeam "Beijing"]
[BlackTeam "Chengdu"]
[WhiteFideId "8604070"]
[BlackFideId "8608709"]
[EventDate "2016.04.12"]

1. e4 e5 2. Nf3 Nf6 3. Nxe5 d6 4. Nf3 Nxe4 5. d4 d5 6. Bd3 Nc6 7. O-O Be7 8.
Nbd2 Nd6 9. c3 Bf5 10. Bxf5 Nxf5 11. Qb3 Rb8 12. Re1 O-O 13. Ne5 Nh4 14. g3 Nxe5
15. Rxe5 Ng6 16. Rxd5 Qc8 17. Nf3 c6 18. Ra5 a6 19. Ne5 b5 20. Nxg6 hxg6 21. Bf4
Ra8 22. Qd1 g5 23. Be3 f5 24. Qh5 f4 25. Bd2 Qf5 26. Rf1 f3 27. h3 Ra7 28. Qg4
Qc2 29. Bc1 Qe2 30. Bxg5 Bxg5 31. Qxg5 Qxb2 32. Qc5 Raf7 33. Rxa6 Qe2 34. Qxc6
Kh7 35. Rb6 Rf5 36. g4 Rg5 37. Qe6 Rf6 38. Qxe2 fxe2 39. Rxf6 exf1=Q+ 40. Kxf1
gxf6 41. Ke2 Rg8 42. Kd3 Ra8 43. d5 Kg6 44. Kd4 Rxa2 45. f4 Rh2 46. Kc5 Rxh3 47.
d6 Rxc3+ 48. Kd4 0-1

[Event "TCh-CHN 2016"]
[Site "China CHN"]
[Date "2016.04.13"]
[Round "2.2"]
[Board "5"]
[White "Zhao, Xue"]
[Black "Li, Yunshan"]
[Result "1-0"]
[WhiteTitle "GM"]
[BlackTitle "WFM"]
[WhiteElo "2504"]
[BlackElo "2024"]
[WhiteTeam "Beijing"]
[BlackTeam "Chengdu"]
[WhiteFideId "8601283"]
[BlackFideId "8607664"]
[EventDate "2016.04.12"]

1. d4 Nf6 2. Bf4 g6 3. Nc3 d5 4. e3 Bg7 5. h4 O-O 6. h5 Nxh5 7. Rxh5 gxh5 8.
Qxh5 f5 9. Qh2 c6 10. Bc7 Qe8 11. Bxb8 Be6 12. Be5 Qg6 13. Nf3 Rac8 14. O-O-O
Kh8 15. Bd3 Bxe5 16. Nxe5 Qg7 17. Ne2 Rf6 18. Rh1 c5 19. dxc5 Rxc5 20. Nf4 Qg8
21. Nxe6 Rxe6 22. Bxf5 1-0

[Event "TCh-CHN 2016"]
[Site "China CHN"]
[Date "2016.04.13"]
[Round "2.3"]
[Board "1"]
[White "Zhao, Jun"]
[Black "Zhou, Jianchao"]
[Result "1/2-1/2"]
[WhiteTitle "GM"]
[BlackTitle "GM"]
[WhiteElo "2634"]
[BlackElo "2612"]
[WhiteTeam "Shandong"]
[BlackTeam "Shanghai"]
[WhiteFideId "8602522"]
[BlackFideId "8603537"]
[EventDate "2016.04.12"]

1. e4 Nf6 2. e5 Nd5 3. d4 d6 4. c4 Nb6 5. exd6 cxd6 6. Nc3 g6 7. Be3 Bg7 8. Rc1
O-O 9. b3 Bf5 10. d5 e6 11. Bd3 Bxd3 12. Qxd3 exd5 13. Nxd5 N8d7 14. Nf3 Nc5 15.
Qd2 Nxd5 16. cxd5 Ne4 17. Qb4 Nf6 18. O-O Nxd5 19. Qxb7 Nxe3 20. fxe3 Bh6 21.
Rfe1 Re8 22. Kf2 a5 23. Rc4 Qf6 24. e4 Bd2 25. Re2 Bb4 26. g3 Rab8 27. Qd5 Rbc8
28. Kg2 Rxc4 29. Qxc4 h6 30. h4 Qe6 31. Qxe6 fxe6 32. Rc2 Kf7 33. g4 e5 34. Rc7+
Re7 35. Rc8 Ra7 36. h5 a4 37. Nh4 gxh5 38. gxh5 axb3 39. axb3 Ra2+ 40. Kf3 Rb2
41. Nf5 Rxb3+ 42. Kg4 Bd2 43. Nxd6+ Ke6 44. Rc6 Kd7 45. Ra6 Re3 46. Kf5 Rf3+ 47.
Kg6 Rg3+ 48. Kh7 Bf4 49. Nf7 Re3 50. Ra4 Rh3 51. Kg6 Rg3+ 52. Kf5 Rh3 53. Kg6
Rg3+ 54. Kf5 Rh3 55. Ra7+ Kc6 56. Nxe5+ Bxe5 57. Kxe5 Rxh5+ 58. Kf6 Rh4 59. e5
Rf4+ 60. Ke7 h5 61. e6 h4 62. Ke8 h3 63. Rh7 Rf3 64. e7 Kc7 65. Rh5 Re3 66. Rh4
Kd6 67. Rh6+ Kc7 68. Rh7 Rf3 69. Rh4 Re3 70. Kf7 Rf3+ 71. Ke8 Re3 72. Rc4+ Kd6
73. Rd4+ Ke5 74. Rd1 Kf4 75. Kf7 h2 76. e8=Q Rxe8 77. Kxe8 Kg3 78. Rh1 Kg2 79.
Rxh2+ 1/2-1/2

[Event "TCh-CHN 2016"]
[Site "China CHN"]
[Date "2016.04.13"]
[Round "2.3"]
[Board "2"]
[White "Bu, Xiangzhi"]
[Black "Ni, Hua"]
[Result "1/2-1/2"]
[WhiteTitle "GM"]
[BlackTitle "GM"]
[WhiteElo "2719"]
[BlackElo "2681"]
[WhiteTeam "Shandong"]
[BlackTeam "Shanghai"]
[WhiteFideId "8601445"]
[BlackFideId "8601160"]
[EventDate "2016.04.12"]

1. Nf3 c5 2. c4 Nf6 3. Nc3 d5 4. cxd5 Nxd5 5. d4 e6 6. e4 Nxc3 7. bxc3 cxd4 8.
cxd4 Bb4+ 9. Bd2 Bxd2+ 10. Qxd2 O-O 11. Bc4 Nd7 12. O-O b6 13. a4 Bb7 14. Rfe1
Rc8 15. Bd3 Qc7 16. a5 Rfd8 17. h3 h6 18. Rec1 Qd6 19. Rcb1 Rc7 20. axb6 axb6
21. Rb3 Ra8 22. Rab1 Ra3 23. Qe1 Rxb3 24. Rxb3 Kf8 25. Qe3 Kg8 26. Ne5 Nxe5 27.
dxe5 Qxe5 28. Rxb6 Rd7 29. Rb3 Qa5 30. Kh2 Qe5+ 31. Qg3 Qxg3+ 32. Kxg3 Kf8 1/2-1/2

[Event "TCh-CHN 2016"]
[Site "China CHN"]
[Date "2016.04.13"]
[Round "2.3"]
[Board "3"]
[White "Wen, Yang"]
[Black "Xu, Yi"]
[Result "1/2-1/2"]
[WhiteTitle "GM"]
[BlackTitle "FM"]
[WhiteElo "2614"]
[BlackElo "2386"]
[WhiteTeam "Shandong"]
[BlackTeam "Shanghai"]
[WhiteFideId "8602956"]
[BlackFideId "8605564"]
[EventDate "2016.04.12"]

1. d4 Nf6 2. Nf3 e6 3. Bf4 d5 4. e3 Bd6 5. Nbd2 Nbd7 6. Bg3 Bxg3 7. hxg3 c5 8.
c3 Qc7 9. Bb5 a6 10. Bxd7+ Nxd7 11. dxc5 Nxc5 12. Qc2 h6 13. c4 Nd7 14. Qc3 O-O
15. Rc1 Nf6 16. Qe5 Qe7 17. Rh4 dxc4 18. Rhxc4 Bd7 19. Qc5 Qxc5 20. Rxc5 Bc6 21.
Ne5 Nd7 22. Nxd7 Bxd7 23. Nc4 Bc6 24. f3 Rfd8 25. e4 Bb5 26. Nb6 Rab8 27. a4 Bc6
28. b4 Rd6 29. e5 Rd4 30. b5 axb5 31. axb5 Be8 32. Rc8 Rd8 33. Rxb8 Rxb8 34. Rc5
Rd8 35. Nc4 b6 36. Nxb6 Rb8 37. Nc4 Bxb5 38. Nd6 Bd3 39. Kf2 g5 40. Rc3 Bg6 41.
Ke3 Kg7 42. g4 h5 43. gxh5 Bxh5 44. Ne4 Rb5 45. Rc5 Rxc5 46. Nxc5 Bg6 47. Kd4
Bc2 48. Kc3 Bf5 49. Kd4 Bc2 50. Nd7 Kg6 51. Ke3 Kf5 52. g4+ Kg6 53. Nf6 Kg7 54.
Nh5+ Kg6 55. Ng3 Kg7 56. Ne2 Kg6 57. Nd4 Bb1 58. Ne2 Bc2 59. Nd4 Bb1 60. Ne2 Bc2
61. Nd4 1/2-1/2

[Event "TCh-CHN 2016"]
[Site "China CHN"]
[Date "2016.04.13"]
[Round "2.3"]
[Board "4"]
[White "Ju, Wenjun"]
[Black "Chu, Ruotong"]
[Result "1-0"]
[WhiteTitle "GM"]
[WhiteElo "2568"]
[BlackElo "2078"]
[WhiteTeam "Shanghai"]
[BlackTeam "Shandong"]
[WhiteFideId "8603006"]
[BlackFideId "8605653"]
[EventDate "2016.04.12"]

1. d4 Nf6 2. Bg5 d5 3. e3 e6 4. Bd3 Be7 5. Nd2 c5 6. c3 Nbd7 7. f4 b6 8. Ngf3
Bb7 9. Ne5 Nxe5 10. fxe5 Nd7 11. Bxe7 Qxe7 12. O-O O-O 13. Qg4 f5 14. exf6 Nxf6
15. Qg3 Rae8 16. Nf3 Nd7 17. Ng5 g6 18. Rxf8+ Nxf8 19. Rf1 Qd7 20. Rf7 Re7 21.
Bb5 Qd8 22. Qf4 Nd7 23. Bxd7 1-0

[Event "TCh-CHN 2016"]
[Site "China CHN"]
[Date "2016.04.13"]
[Round "2.3"]
[Board "5"]
[White "Zhang, Xiaowen"]
[Black "Zhai, Mo"]
[Result "1/2-1/2"]
[WhiteTitle "WGM"]
[BlackTitle "WGM"]
[WhiteElo "2374"]
[BlackElo "2371"]
[WhiteTeam "Shanghai"]
[BlackTeam "Shandong"]
[WhiteFideId "8603219"]
[BlackFideId "8600201"]
[EventDate "2016.04.12"]

1. e4 e5 2. Bc4 Nf6 3. d3 c6 4. Nf3 d5 5. Bb3 Bd6 6. Bg5 dxe4 7. dxe4 h6 8. Bh4
Bg4 9. O-O O-O 10. h3 Bh5 11. Nbd2 Nbd7 12. Re1 Bc7 13. Nc4 Re8 14. Nd6 Bxd6 15.
Qxd6 Qa5 16. Rad1 Rad8 17. Qd2 Qxd2 18. Rxd2 g5 19. Bg3 Nc5 20. Rxd8 Rxd8 21.
Nxe5 Nfxe4 22. Bh2 Nxb3 23. axb3 Rd1 24. Nd3 f6 25. f3 Rxe1+ 26. Nxe1 Nc5 27.
Kf2 Kf7 28. Ke3 Ke6 29. Nd3 Nxd3 30. Kxd3 Bg6+ 1/2-1/2

[Event "TCh-CHN 2016"]
[Site "China CHN"]
[Date "2016.04.13"]
[Round "2.4"]
[Board "2"]
[White "Mu, Ke"]
[Black "Liu, Yan"]
[Result "1/2-1/2"]
[BlackTitle "FM"]
[WhiteElo "2418"]
[BlackElo "2413"]
[WhiteTeam "Qingdao"]
[BlackTeam "Chongqing"]
[WhiteFideId "8602778"]
[BlackFideId "8608962"]
[EventDate "2016.04.12"]

1. d4 Nf6 2. c4 e6 3. Nf3 Bb4+ 4. Nbd2 O-O 5. a3 Bxd2+ 6. Qxd2 Qe7 7. e3 d6 8.
Be2 e5 9. Qc2 Bg4 10. h3 Bh5 11. O-O a5 12. b3 e4 13. Nh2 Bxe2 14. Qxe2 d5 15.
a4 Re8 16. Bd2 c6 17. Rfb1 Qc7 18. b4 axb4 19. Bxb4 dxc4 20. Qxc4 Nbd7 21. a5
Nd5 22. Bd2 Ra7 23. Ra2 Qd6 24. Rab2 Rb8 25. Nf1 g6 26. Rb3 Qe6 27. Qc2 f5 28.
R1b2 Qd6 29. Qb1 Qc7 30. Ng3 b5 31. axb6 Rxb6 32. Rxb6 N7xb6 33. Rc2 Qc8 34. Ra2 1/2-1/2